000 00823nam a2200217 i 4500
001 166772
003 ES-MaACL
005 20230906213411.0
008 990701s1906 sp a |||| | spa d
040 _aGA
_bspa
_cCCPB | 3D
100 1 _aUlecia y Cardona, Rafael (
_d1850-1912)
_9111917
245 1 0 _aArte de criar á los niños
_b: (nociones de higiene infantil) /
_cpor Rafael Ulecia y Cardoná ; con un prefacio del doctor Pierre Budin.
250 _a2ª ed. corr. y aum.
260 _aMadrid :
_bAdministración de la Revista de Medicina y Cirugía Prácticas,
_c1906.
300 _a208 p. :
_bil. ;
_c18 cm.
490 1 _aBiblioteca para las madres
700 1 _aBudin, Pierre.
_9126223
830 0 _aBiblioteca para las madres
_9222577
852 _aES-MaACL
_jB-11667
_z-- Enc. tela
999 _c166772
_d166772